| 000 | 00689nam a2200217 u 4500 | ||
|---|---|---|---|
| 005 | 20220622063634.0 | ||
| 008 | 141007s2004 r 000 0 eng d | ||
| 020 | _a1405448318 | ||
| 035 | _aUPN01000200057 | ||
| 049 | _aI | ||
| 050 | 4 |
_aPZ76.3 _bG6.77 |
|
| 100 | 1 |
_aGoldsack, Gaby, _d1966- _933471 |
|
| 245 | 1 | 4 |
_aLos tres cerditos / _cversión del cuento clásico Gaby Goldsack ; il. Emma Lake ; tr. Raquel Valle. |
| 260 |
_aBarcelona, Esp. : _bParragón, _c2004. |
||
| 300 |
_a29 p. : _bil. col. principalmente |
||
| 440 | 0 | _aMis primeras lecturas | |
| 650 | 0 |
_aAnimales _vCuentos y leyendas _9234 |
|
| 650 | 4 |
_aCuentos infantiles _96744 |
|
| 905 | _aInfantil | ||
| 999 |
_c172158 _d172158 |
||